| 000 | 01021nam a22002297a 4500 | ||
|---|---|---|---|
| 003 | OSt | ||
| 005 | 20250826184640.0 | ||
| 008 | 250212b |||||||| |||| 00| 0 eng d | ||
| 040 | _c0 | ||
| 082 | _aDPer 372.05 EL269 September-December 2023 v. 124 n. 1-2 | ||
| 100 |
_aStevens, Elizabeth A. _eauthor. _965132 |
||
| 245 |
_aExamining the type and direction of teacher feedback provided in fourth-grade classrooms to inform teacher preparation / _cElizabeth A. Stevens, Philip Capin, Alicia Stewart, Elizabeth Swanson, Sharon Vaughn. |
||
| 260 |
_aUSA ; _bThe University of Chicago Press , _cSeptember 2023. |
||
| 300 |
_aVolume 124, pages 109-128 : _billustration ; _c26 cm. |
||
| 500 | _aThe Elementary School Journal, vol. 124, no. 1, pages 109-128, September 2023 | ||
| 700 |
_aStevens, Elizabeth A. _eauthor. _965132 |
||
| 710 |
_aCapin, Philip. _eauthor. _965133 |
||
| 711 |
_aStewart, Alicia. _jauthor. _965134 |
||
| 720 |
_aSwanson, Elizabeth. _eauthor. |
||
| 720 |
_aVaughn, Sharon. _eauthor. |
||
| 942 |
_2ddc _cPER |
||
| 999 |
_c23404 _d23404 |
||